[Event "Icaro 2007"]
[Site "México MEX"]
[Date "2007.05.01"]
[Round "8.2"]
[White "Perelshteyn, Eugene"]
[Black "Zapata, Alonso"]
[Result "1/2-1/2"]
[WhiteElo "2531"]
[BlackElo "2486"]
[PlyCount "101"]
[EventDate "2007.04.27"]
[EventType "swiss"]
[EventRounds "9"]
[EventCountry "MEX"]
[Source "lmi"]
[SourceDate "2007.04.27"]

1. d4 Nf6 2. Nf3 g6 3. c4 Bg7 4. Nc3 O-O 5. e4 d6 6. Be2 e5 7. Be3 Ng4 8. Bg5
f6 9. Bh4 Nd7 10. O-O h5 11. dxe5 dxe5 12. h3 Nh6 13. b4 Nf7 14. Qb3 c6 15.
Rad1 Qe7 16. c5 g5 17. Bg3 h4 18. Bh2 Re8 19. Ne1 Nf8 20. Nc2 Be6 21. Bc4 Bxc4
22. Qxc4 Qe6 23. Ne3 a5 24. a3 Red8 25. Rxd8 Rxd8 26. Rd1 axb4 27. axb4 Rxd1+
28. Ncxd1 Qd7 29. Kf1 Ne6 30. Ke1 Nd4 31. f3 Kh7 32. Bg1 Nd8 33. Nc2 N8e6 34.
Be3 Nxc2+ 35. Qxc2 Bf8 36. Qd2 Qxd2+ 37. Kxd2 Kg6 38. Kd3 Kf7 39. Kc4 Ke8 40.
Nc3 Kd7 41. Ne2 Nc7 42. g3 hxg3 43. Nxg3 Ne6 44. Nf5 Ng7 45. Ng3 Ke6 46. Bd2
Be7 47. Kd3 Bd8 48. Be3 Be7 49. Bf2 Bd8 50. Be3 Be7 51. Bf2 1/2-1/2

[Event "Icaro 2007"]
[Site "México MEX"]
[Date "2007.05.01"]
[Round "8.3"]
[White "Leon Hoyos, Manuel"]
[Black "Verduga Zavala, Denis"]
[Result "1-0"]
[WhiteElo "2454"]
[BlackElo "2358"]
[PlyCount "78"]
[EventDate "2007.04.27"]
[EventType "swiss"]
[EventRounds "9"]
[EventCountry "MEX"]
[Source "lmi"]
[SourceDate "2007.04.27"]

1. e4 c5 2. Nf3 g6 3. d4 Bg7 4. Nc3 cxd4 5. Nxd4 Nc6 6. Be3 Nf6 7. Bc4 O-O 8.
Bb3 Qa5 9. O-O d6 10. h3 Bd7 11. Qe1 Rac8 12. Rd1 Qh5 13. f4 b5 14. Nxc6 Rxc6
15. Bxa7 Rxc3 16. bxc3 Bc6 17. e5 Ne4 18. Bd5 Bxd5 19. Rxd5 f5 20. exd6 Bxc3
21. Qe3 exd6 22. Rxb5 g5 23. Bd4 gxf4 24. Qd3 Bxd4+ 25. Qxd4 Qe2 26. Qd5+ Kh8
27. Qd3 Qe3+ 28. Kh2 Nf2 29. Qb3 Rf6 30. Rb8+ Kg7 31. Qg8+ Kh6 32. Rb7 Qg3+ 33.
Qxg3 fxg3+ 34. Kxg3 Ne4+ 35. Kf4 Nc5 36. Ra7 Ne6+ 37. Ke3 f4+ 38. Ke4 Rg6 39.
Rd1 Rf6 1-0

[Event "Icaro 2007"]
[Site "México MEX"]
[Date "2007.05.01"]
[Round "8.4"]
[White "Huerta Carballo, Dayron"]
[Black "Almeida Saenz, Alfonso"]
[Result "1-0"]
[WhiteElo "2338"]
[BlackElo "2429"]
[PlyCount "85"]
[EventDate "2007.04.27"]
[EventType "swiss"]
[EventRounds "9"]
[EventCountry "MEX"]
[Source "lmi"]
[SourceDate "2007.04.27"]

1. e4 e5 2. Nf3 Nc6 3. Bc4 Nf6 4. d3 Bc5 5. c3 d6 6. Bb3 Be6 7. Bc2 d5 8. Qe2
a6 9. Nbd2 Qe7 10. h3 h6 11. g4 O-O-O 12. b4 Bd6 13. a3 h5 14. g5 Nh7 15. Nb3
f5 16. gxf6 gxf6 17. exd5 Bxd5 18. c4 Be6 19. Be3 Qf7 20. O-O-O e4 21. Nfd4
exd3 22. Bxd3 Ne5 23. Nxe6 Qxe6 24. Nd4 Nxd3+ 25. Qxd3 Qf7 26. f4 Rhe8 27. Rhe1
Nf8 28. c5 Be7 29. c6 b5 30. Kb2 Rd5 31. Qc2 f5 32. Nb3 Bf6+ 33. Kb1 Rxd1+ 34.
Qxd1 Qc4 35. Nc5 Bc3 36. Qxh5 Rd8 37. Qxf5+ Kb8 38. Rc1 a5 39. Na6+ Ka8 40.
Nxc7+ Kb8 41. Qxb5+ Qxb5 42. Nxb5 Bf6 43. Nc3 1-0

[Event "Icaro 2007"]
[Site "México MEX"]
[Date "2007.05.01"]
[Round "9.2"]
[White "Leon Hoyos, Manuel"]
[Black "Perelshteyn, Eugene"]
[Result "1/2-1/2"]
[WhiteElo "2454"]
[BlackElo "2531"]
[PlyCount "166"]
[EventDate "2007.04.27"]
[EventType "swiss"]
[EventRounds "9"]
[EventCountry "MEX"]
[Source "lmi"]
[SourceDate "2007.04.27"]

1. e4 c6 2. c4 d6 3. d4 g6 4. Nc3 Bg7 5. Be2 Na6 6. Nf3 Nf6 7. O-O O-O 8. h3 e5
9. dxe5 dxe5 10. Be3 Qe7 11. Qc2 Nh5 12. Rfd1 Nc5 13. b4 Ne6 14. c5 Nhf4 15.
Rd6 Re8 16. Rad1 Qf6 17. b5 Bf8 18. bxc6 Nxe2+ 19. Qxe2 bxc6 20. Rxc6 Bb7 21.
Nd5 Qg7 22. Rxe6 fxe6 23. Nc3 Rac8 24. Qc4 Rc6 25. Nd2 Rd8 26. Nb3 Rxd1+ 27.
Nxd1 Qd7 28. Nb2 Ba6 29. Qc3 Rc8 30. f3 h5 31. Kh2 Kh7 32. Bg5 Bg7 33. Qa5 Qb5
34. Qd2 Qe2 35. Qc3 Bb5 36. Bh4 Bh6 37. Bg3 Be3 38. Nd1 Bh6 39. Nb2 Be3 40. Nd1
Bf4 41. Bxf4 exf4 42. Qa5 a6 43. Nc3 Qe1 44. e5 Qg3+ 45. Kg1 Qe1+ 46. Kh2 Qxe5
47. Nxb5 axb5 48. Qxb5 Rd8 49. Qb7+ Kh6 50. Qf7 Qg5 51. Nd4 Qg3+ 52. Kg1 Qe1+
53. Kh2 Rxd4 54. Qf8+ Kg5 55. Qe7+ Kf5 56. Qf8+ Ke5 57. Qb8+ Kd5 58. Qd6+ Kc4
59. Qa6+ Kxc5 60. Qa7+ Kd5 61. Qb7+ Kd6 62. Qb6+ Ke5 63. Qb8+ Rd6 64. Qh8+ Kd5
65. Qa8+ Rc6 66. a4 Qg3+ 67. Kg1 Qe1+ 68. Kh2 Qb4 69. a5 Qb5 70. Qd8+ Kc4 71.
Qd2 e5 72. Qe2+ Kb4 73. Qd2+ Kc5 74. Qc2+ Qc4 75. Qb2 Qb4 76. Qxe5+ Kc4 77. a6
Qb6 78. Qe2+ Kb4 79. Qb2+ Kc4 80. Qa2+ Qb3 81. Qe2+ Qd3 82. Qa2+ Qb3 83. Qe2+
Qd3 1/2-1/2

[Event "Icaro 2007"]
[Site "México MEX"]
[Date "2007.05.01"]
[Round "9.3"]
[White "Zapata, Alonso"]
[Black "Sanchez Enriquez, Oscar Gerardo"]
[Result "1-0"]
[WhiteElo "2486"]
[BlackElo "2242"]
[PlyCount "139"]
[EventDate "2007.04.27"]
[EventType "swiss"]
[EventRounds "9"]
[EventCountry "MEX"]
[Source "lmi"]
[SourceDate "2007.04.27"]

1. e4 c5 2. Nf3 d6 3. d4 cxd4 4. Nxd4 Nf6 5. Nc3 a6 6. Bc4 e6 7. O-O b5 8. Bb3
Be7 9. Qf3 Qc7 10. Qg3 Nc6 11. Nxc6 Qxc6 12. Re1 Bb7 13. a3 Rd8 14. Bg5 O-O 15.
Rad1 Qc5 16. Be3 Qh5 17. Bf4 Qg6 18. f3 Qxg3 19. Bxg3 Rd7 20. Bf2 Rc8 21. Rd3
Ne8 22. Red1 Bf6 23. Bd4 Bxd4+ 24. Rxd4 Kf8 25. a4 Bc6 26. axb5 axb5 27. Na2
Ke7 28. Nb4 Bb7 29. Ra1 Ra8 30. Rxa8 Bxa8 31. Rd1 Ra7 32. c3 Nf6 33. Bc2 Nd7
34. Bd3 Ra5 35. Kf2 Ne5 36. Be2 Nc6 37. Nxc6+ Bxc6 38. Rd4 e5 39. Rb4 Kd7 40.
Ke3 Kc7 41. Rb3 f6 42. Bd3 g5 43. g3 h5 44. h4 gxh4 45. gxh4 Ra1 46. Bxb5 Rh1
47. Bxc6 Kxc6 48. Rb8 Rxh4 49. Rf8 Rh2 50. b4 h4 51. Rxf6 h3 52. Rh6 Rh1 53.
Kf2 Rc1 54. Rxh3 Rxc3 55. Rh8 Rb3 56. Rc8+ Kb6 57. Kg3 Rxb4 58. Kg4 Rd4 59. Rc3
Kb5 60. Kf5 Rc4 61. Ra3 Kb4 62. Ra6 Kc5 63. Ke6 Rd4 64. Kd7 Rd3 65. Rc6+ Kb4
66. Rxd6 Rxf3 67. Ke6 Kc5 68. Rd8 Rh3 69. Kxe5 Rh6 70. Rc8+ 1-0

[Event "Icaro 2007"]
[Site "México MEX"]
[Date "2007.05.01"]
[Round "9.4"]
[White "Garmendez Gonzalez, Florentino"]
[Black "Capo Vidal, Uriel"]
[Result "0-1"]
[WhiteElo "2311"]
[BlackElo "2361"]
[PlyCount "70"]
[EventDate "2007.04.27"]
[EventType "swiss"]
[EventRounds "9"]
[EventCountry "MEX"]
[Source "lmi"]
[SourceDate "2007.04.27"]

1. e4 c5 2. Nf3 Nc6 3. Bb5 Nf6 4. Bxc6 dxc6 5. d3 Bg4 6. Nbd2 g6 7. a4 Bg7 8.
a5 Nd7 9. O-O O-O 10. c3 Ne5 11. d4 cxd4 12. cxd4 Nxf3+ 13. Nxf3 Bxf3 14. Qxf3
Qxd4 15. Rd1 Qf6 16. Qxf6 Bxf6 17. Ra3 Rfd8 18. Rad3 e6 19. Kf1 Rxd3 20. Rxd3
Rd8 21. Ke2 Rxd3 22. Kxd3 Kf8 23. b3 Ke8 24. h3 Kd7 25. f3 c5 26. Be3 Kc6 27.
Kc4 b5+ 28. axb6 axb6 29. Bg1 Bb2 30. Kd3 Kb5 31. Kc2 Bd4 32. Bh2 c4 33. Bd6
Bc5 34. bxc4+ Kxc4 35. Be5 b5 0-1